An Introduction Madhya Pradesh: (Record no. 203564)

MARC details
000 -LEADER
fixed length control field 00844nam a22002297a 4500
005 - DATE AND TIME OF LATEST TRANSACTION
control field 20240612165104.0
010 ## - LCCN (DPL NO)
LC control number ENG-140586
020 ## - INTERNATIONAL STANDARD BOOK NUMBER
International Standard Book Number 9789355323422
Terms of availability 530.00
035 ## - SYSTEM CONTROL NUMBER
System control number EN-124118
037 ## - SOURCE OF ACQUISITION
Source of stock number/acquisition DBAD
082 ## - DEWEY DECIMAL CLASSIFICATION NUMBER
Classification number 000
Edition number 5
100 ## - MAIN ENTRY--PERSONAL NAME
Personal name Tripathi, Snehil
245 ## - TITLE STATEMENT
Title An Introduction Madhya Pradesh:
Remainder of title General Knowledge/
Statement of responsibility, etc By Snehil Tripathi; Sonali Bansal [and] Pavan Choudhary
250 ## - EDITION STATEMENT
Edition statement 5
260 ## - PUBLICATION, DISTRIBUTION, ETC. (IMPRINT)
Place of publication, distribution, etc Chennai
Name of publisher, distributor, etc Mc Graw Hill Education
Date of publication, distribution, etc 2022
270 ## - ADDRESS
Address Anjana Complex NO. 5/90 A, Butt Road, St. Thomas Mount
City Chennai
Postal code 600116
300 ## - PHYSICAL DESCRIPTION
Extent vp.
Dimensions 24cm(pbk)
Other physical details index
500 ## - GENERAL NOTE
General note For MPPSC Examination (Prelims And Mains) and All Other State Competitive Examinations
700 ## - ADDED ENTRY--PERSONAL NAME
Personal name Bansal , Sonali
Relator term Author
9 (RLIN) 67426
700 ## - ADDED ENTRY--PERSONAL NAME
Personal name Choudhary, Pavan
Relator term Author
9 (RLIN) 67427
942 ## - ADDED ENTRY ELEMENTS (KOHA)
Source of classification or shelving scheme Dewey Decimal Classification
Item type English Books
Classification part 000
Call number suffix TRI
Edition 5
Holdings
Withdrawn status Lost status Not for loan Collection code Home library Current library Date acquired Source of acquisition Cost, normal purchase price Full call number Barcode Copy number Cost, replacement price Koha item type
      Non-fiction Central Library Central Library 12/06/2024 DBAD 530.00 000 TRI EN-124118 1 530.00 English Books

© Delhi Public Library
Hit Counter
free hit counter